[Event "SEMI W-ch4 LG sf-A (Hage mem) email"]
[Site "SEMI email"]
[Date "2002.02.01"]
[Round "?"]
[White "Delgado Comerma, Ramon"]
[Black "Koetsier, David Alexander"]
[Result "1/2-1/2"]
[WhiteElo "2270"]
[BlackElo "2440"]
[PlyCount "32"]
[EventDate "2002.02.01"]
[EventType "tourn (corr)"]
[EventRounds "8"]
[EventCountry "ITA"]
[SourceTitle "Corr 2008"]
[Source "ChessBase"]
[SourceDate "2008.06.24"]
[SourceVersion "1"]
[SourceVersionDate "2008.06.24"]
[SourceQuality "1"]

1. e4 e5 2. Nf3 f5 3. Nxe5 Qf6 4. Nc4 fxe4 5. Nc3 Qf7 6. Ne3 c6 7. d3 exd3 8. Bxd3 d5 9. 0-0 Be6 10. Re1 Ne7 11. Ne2 Nd7 12. Nd4 0-0-0 13. Nf1 Nc5 14. Nxe6 Nxe6 15. Qg4 Rd6 16. c4 h5 1/2-1/2

[Event "SEMI W-ch4 LG sf-A (Hage mem) email"]
[Site "SEMI email"]
[Date "2002.02.01"]
[Round "?"]
[White "Delgado Comerma, Ramon"]
[Black "Sakai, Kiyotaka"]
[Result "0-1"]
[WhiteElo "2270"]
[BlackElo "2367"]
[PlyCount "98"]
[EventDate "2002.02.01"]
[EventType "tourn (corr)"]
[EventRounds "8"]
[EventCountry "ITA"]
[SourceTitle "Corr 2008"]
[Source "ChessBase"]
[SourceDate "2008.06.24"]
[SourceVersion "1"]
[SourceVersionDate "2008.06.24"]
[SourceQuality "1"]

1. e4 e5 2. Nf3 f5 3. Nc3 Nf6 4. exf5 e4 5. Ng5 d5 6. d3 Bb4 7. dxe4 Qe7 8. Qe2 Bxc3+ 9. bxc3 dxe4 10. Qc4 h6 11. Ne6 Bxe6 12. Qxe6 Qxe6 13. fxe6 Nc6 14. Rb1 0-0-0 15. g3 Rhe8 16. Bh3 Rd5 17. 0-0 Ne5 18. f4 Nf3+ 19. Kg2 g5 20. c4 Rc5 21. fxg5 hxg5 22. Be3 Re5 23. g4 R8xe6 24. Rb3 Ra6 25. a3 Rc6 26. c5 Nd5 27. Kg3 a5 28. a4 Nxe3 29. Rxe3 Nd2 30. Rf8+ Kd7 31. Bg2 Rcxc5 32. h4 gxh4+ 33. Kxh4 Rxc2 34. g5 Rcc5 35. Rf2 Rcd5 36. Ree2 Nc4 37. Rf4 Rxg5 38. Rfxe4 Rh5+ 39. Kg3 Rdg5+ 40. Kf2 Ne5 41. Rd4+ Kc8 42. Ke3 c6 43. Kd2 Kc7 44. Kc3 Rg3+ 45. Kc2 Rhg5 46. Bh1 Kb6 47. Rd1 Kc5 48. Rde1 Nc4 49. Ra1 Rh5 0-1

[Event "SEMI W-ch4 LG sf-A (Hage mem) email"]
[Site "SEMI email"]
[Date "2002.02.01"]
[Round "?"]
[White "Koetsier, David Alexander"]
[Black "Delgado Comerma, Ramon"]
[Result "1/2-1/2"]
[WhiteElo "2440"]
[BlackElo "2270"]
[PlyCount "29"]
[EventDate "2002.02.01"]
[EventType "tourn (corr)"]
[EventRounds "8"]
[EventCountry "ITA"]
[SourceTitle "Corr 2008"]
[Source "ChessBase"]
[SourceDate "2008.06.24"]
[SourceVersion "1"]
[SourceVersionDate "2008.06.24"]
[SourceQuality "1"]

1. e4 e5 2. Nf3 f5 3. Nxe5 Qf6 4. Nc4 fxe4 5. Nc3 Qf7 6. Ne3 c6 7. d3 exd3 8. Bxd3 d5 9. 0-0 Bd6 10. Re1 Ne7 11. Nexd5 cxd5 12. Nb5 0-0 13. Nxd6 Qxf2+ 14. Kh1 Bg4 15. Qd2 1/2-1/2

[Event "SEMI W-ch4 LG sf-A (Hage mem) email"]
[Site "SEMI email"]
[Date "2002.02.01"]
[Round "?"]
[White "Rizzi, Davide"]
[Black "Delgado Comerma, Ramon"]
[Result "1-0"]
[WhiteElo "1920"]
[BlackElo "2270"]
[PlyCount "65"]
[EventDate "2002.02.01"]
[EventType "tourn (corr)"]
[EventRounds "8"]
[EventCountry "ITA"]
[SourceTitle "Corr 2008"]
[Source "ChessBase"]
[SourceDate "2008.06.24"]
[SourceVersion "1"]
[SourceVersionDate "2008.06.24"]
[SourceQuality "1"]

1. e4 e5 2. Nf3 f5 3. Nxe5 Qf6 4. Nc4 fxe4 5. Nc3 Qf7 6. Ne3 c6 7. Nxe4 d5 8. Ng5 Qf6 9. Nf3 Bd6 10. d4 Ne7 11. c4 0-0 12. Qb3 Be6 13. c5 Bf4 14. Qxb7 Nd7 15. Be2 g5 16. h3 h5 17. g3 Rab8 18. Qa6 g4 19. hxg4 hxg4 20. Qd3 Rf7 21. gxf4 gxf3 22. Bxf3 Rb4 23. Nc2 Bf5 24. Qa3 Rc4 25. Ne3 Rxd4 26. Qxa7 Rxf4 27. Nxf5 Rxf5 28. Qxd7 Re5+ 29. Be3 Qxf3 30. Kd2 Ng6 31. Qc8+ Rf8 32. Qxc6 Qe4 33. Rag1 1-0

[Event "SEMI W-ch4 LG prel-C (Hage mem) email"]
[Site "SEMI email"]
[Date "2001.04.01"]
[Round "?"]
[White "Delgado Comerma, Ramon"]
[Black "Roberts, Earl N"]
[Result "1-0"]
[WhiteElo "2270"]
[BlackElo "1785"]
[PlyCount "23"]
[EventDate "2001.04.01"]
[EventType "tourn (corr)"]
[EventRounds "6"]
[EventCountry "ITA"]
[SourceTitle "Corr 2008"]
[Source "ChessBase"]
[SourceDate "2008.06.24"]
[SourceVersion "1"]
[SourceVersionDate "2008.06.24"]
[SourceQuality "1"]

1. e4 e5 2. Nf3 f5 3. Bc4 Nc6 4. d4 Qe7 5. 0-0 fxe4 6. Ng5 b5 7. Bf7+ Kd8 8. dxe5 Bb7 9. Bxg8 Rxg8 10. Qd5 Rh8 11. Nf7+ Kc8 12. Nxh8 1-0

[Event "SEMI W-ch4 LG prel-C (Hage mem) email"]
[Site "SEMI email"]
[Date "2001.04.01"]
[Round "?"]
[White "Roberts, Earl N"]
[Black "Delgado Comerma, Ramon"]
[Result "1/2-1/2"]
[WhiteElo "1785"]
[BlackElo "2270"]
[PlyCount "35"]
[EventDate "2001.04.01"]
[EventType "tourn (corr)"]
[EventRounds "6"]
[EventCountry "ITA"]
[SourceTitle "Corr 2008"]
[Source "ChessBase"]
[SourceDate "2008.06.24"]
[SourceVersion "1"]
[SourceVersionDate "2008.06.24"]
[SourceQuality "1"]

1. e4 e5 2. Nf3 f5 3. Nxe5 Nc6 4. Qh5+ g6 5. Nxg6 Nf6 6. Qh4 Rg8 7. e5 Rxg6 8. exf6 Bh6 9. Bc4 d5 10. f7+ Kf8 11. Qxd8+ Nxd8 12. Bxd5 c6 13. Bf3 Ne6 14. Kf1 Nd4 15. Bd1 f4 16. Nc3 Kxf7 17. Bh5 Nxc2 18. Bxg6+ 1/2-1/2

[Event "Catalunya-chT"]
[Site "Spain"]
[Date "1998.??.??"]
[Round "9"]
[White "Delgado Comerma, Ramon"]
[Black "Fernandez Muixi, Francesco"]
[Result "1/2-1/2"]
[WhiteElo "2110"]
[BlackElo "2185"]
[PlyCount "61"]
[EventDate "1998.01.??"]
[EventType "team"]
[EventRounds "9"]
[EventCountry "ESP"]
[SourceTitle "EXT 2003"]
[Source "ChessBase"]
[SourceDate "2002.11.25"]
[SourceVersion "1"]
[SourceVersionDate "2002.11.25"]
[SourceQuality "1"]

1. g3 d5 2. Bg2 Nf6 3. d3 c6 4. Nf3 Nbd7 5. 0-0 e5 6. Nc3 Be7 7. e4 dxe4 8. dxe4 0-0 9. Be3 Qc7 10. h3 Nc5 11. Nd2 b5 12. Nb3 Ne6 13. Qe2 a5 14. Rfd1 a4 15. Nc1 b4 16. Nb1 Ba6 17. Qe1 Rad8 18. c3 c5 19. f4 exf4 20. gxf4 Nxf4 21. Rd2 Rxd2 22. Qxd2 Nxg2 23. Qxg2 Qe5 24. Nd2 Bb7 25. Nd3 Qd6 26. Bxc5 Qxd3 27. Bxe7 Nxe4 28. Bxf8 Qe3+ 29. Kh2 Qf4+ 30. Kg1 Qe3+ 31. Kh2 1/2-1/2

[Event "Catalunya-chT"]
[Site "Spain"]
[Date "1998.??.??"]
[Round "6"]
[White "Gomez Jurado, Luis Alberto"]
[Black "Delgado Comerma, Ramon"]
[Result "1-0"]
[WhiteElo "2370"]
[BlackElo "2250"]
[PlyCount "78"]
[EventDate "1998.01.??"]
[EventType "team"]
[EventRounds "9"]
[EventCountry "ESP"]
[SourceTitle "EXT 2003"]
[Source "ChessBase"]
[SourceDate "2002.11.25"]
[SourceVersion "1"]
[SourceVersionDate "2002.11.25"]
[SourceQuality "1"]

1. d4 Nf6 2. Nf3 g6 3. c4 Bg7 4. Nc3 0-0 5. e4 d6 6. Be2 e5 7. d5 a5 8. Bg5 h6 9. Bh4 Na6 10. Nd2 Qe8 11. a3 Bd7 12. 0-0 Nh7 13. f3 h5 14. Kh1 Bh6 15. Bf2 Qe7 16. Rb1 h4 17. b4 Bf4 18. c5 axb4 19. axb4 Qg5 20. Nc4 Nf6 21. Qe1 dxc5 22. bxc5 Nxc5 23. Bxc5 Nh5 24. Bxf8 Ng3+ 25. Kg1 Kxf8 26. Rf2 Kg7 27. Rxb7 Nh5 28. d6 Be6 29. dxc7 Bg3 30. Rb8 Nf4 31. Rxa8 Bxf2+ 32. Qxf2 Nh3+ 33. Kf1 Nxf2 34. Kxf2 Qc1 35. Nd5 Qh1 36. Re8 Bd7 37. Nxe5 Qxh2 38. Nxd7 Qg3+ 39. Ke3 Qg5+ 1-0